Central Library OPAC University of Rajshahi

Economics of public utilities / (Record no. 3420)

MARC details
000 -LEADER
fixed length control field 00781cam a22002651 4500
001 - CONTROL NUMBER
control field 3420
003 - CONTROL NUMBER IDENTIFIER
rucl marc code BD-RjUL
005 - DATE AND TIME OF LATEST TRANSACTION
control field 20211208233728.0
008 - FIXED-LENGTH DATA ELEMENTS--GENERAL INFORMATION
fixed length control field 131219s1947 nyua 001 0 eng
035 ## - SYSTEM CONTROL NUMBER
System control number (BD-RjUL)3454
System control number (OCoLC)2211598
040 ## - CATALOGING SOURCE
Original cataloging agency DLC
Transcribing agency MeB
Modifying agency DLC
-- BD-RjUL
Language of cataloging eng
041 ## - LANGUAGE CODE
Language code of text/sound track or separate title eng
082 00 - DEWEY DECIMAL CLASSIFICATION NUMBER
Classification number 380.16
Edition number 18
Author mark and year TRE 1947
100 1# - MAIN ENTRY--PERSONAL NAME
Personal name Troxel, Charles Emery,
Dates associated with a name 1908-
9 (RLIN) 10742
245 10 - TITLE STATEMENT
Title Economics of public utilities /
Statement of responsibility, etc. [by] Emery Troxel.
260 ## - PUBLICATION, DISTRIBUTION, ETC. (IMPRINT)
Place of publication, distribution, etc. New York :
Name of publisher, distributor, etc. Rinehart & company, inc.,
Date of publication, distribution, etc. c1947.
300 ## - PHYSICAL DESCRIPTION
Pagination xiv, 892 p. :
Illustrations diagrs. ;
Size 24 cm.
504 ## - BIBLIOGRAPHY, ETC. NOTE
Bibliography, etc "References": p. 803-864.
650 #0 - SUBJECT ADDED ENTRY--TOPICAL TERM
Topical term or geographic name as entry element Public utilities
9 (RLIN) 9229
Topical term or geographic name as entry element Public utilities
Geographic subdivision United States.
9 (RLIN) 9229
942 ## - ADDED ENTRY ELEMENTS (KOHA)
Source of classification or shelving scheme Dewey Decimal Classification
Koha item type Books
Holdings
Lost status Source of classification or shelving scheme Damaged status Not for loan Collection code Permanent Location Current Location Shelving location Date acquired Source of acquisition Cost, normal purchase price Total Checkouts Full call number Date last seen Copy number Koha item type
  Dewey Decimal Classification   Not For Loan Non-fiction Central Library, University of Rajshahi Central Library, University of Rajshahi Reading Room 08/08/1957 Publishers United Ltd. 48.12   380.16 TRE 1947 19/12/2013 C-1 Books